|
|
|
|
| LEADER |
00000nam a2200000 a 4500 |
| 001 |
vtls001562613 |
| 003 |
SK-MaSNL |
| 005 |
20260426014621.0 |
| 008 |
171201s1941 ilu g f 000 0 slo |
| 020 |
|
|
|q (brož.)
|
| 040 |
|
|
|a SNK
|b slo
|c SNK
|e AACR2
|
| 041 |
0 |
|
|a slo
|a eng
|
| 043 |
|
|
|a e-xo---
|a n-us---
|a n-us-il
|
| 044 |
|
|
|a ilu
|c US
|
| 072 |
|
7 |
|a 325
|x Medzinárodná migrácia, exil, kolonizácia
|2 konspekt
|
| 080 |
|
|
|a (=162.4)
|2 2001
|
| 080 |
|
|
|a 314.151.3-054.7
|2 2001
|
| 080 |
|
|
|a 323.113:061.2
|2 2001
|
| 080 |
|
|
|a 796.034.2
|2 2001
|
| 080 |
|
|
|a 27-784-053.6
|2 2001
|
| 080 |
|
|
|a 394.2/.7
|2 2001
|
| 080 |
|
|
|a (437.6)
|2 2001
|
| 080 |
|
|
|a (73)
|2 2001
|
| 080 |
|
|
|a (737.3)
|2 2001
|
| 080 |
|
|
|a (083.97)
|2 2001
|
| 080 |
|
|
|a (082.2)
|2 2001
|
| 245 |
0 |
0 |
|a Pamätný program Sokolov sv. Cyrila a Metoda, Sbor 11. Slovenského Katolíckeho Sokola
|b slávnosť 12. októbra 1941 pri osade sv. Michala Archanjela Chicago, Ill : 1906-1941 : 35 ročné jubileum
|
| 250 |
|
|
|a [1. vyd.]
|
| 260 |
|
|
|a [Chicago
|b Slovenský katolícky Sokol
|c 1941]
|
| 300 |
|
|
|a [16] s.
|c 21 cm
|
| 546 |
|
|
|a Čiast. text angl.
|
| 610 |
2 |
7 |
|a Slovenský katolícky Sokol
|b Sbor 11. sv. Cyrila a Metoda (Chicago, Illinois)
|2 SNKKA
|9 739038
|
| 650 |
0 |
7 |
|a Slováci
|2 SNKPH
|9 22552
|
| 650 |
0 |
7 |
|a emigranti
|2 SNKPH
|9 19799
|
| 650 |
0 |
7 |
|a krajanské spolky a organizácie
|2 SNKPH
|9 103573
|
| 650 |
0 |
7 |
|a sokolské hnutie
|2 SNKPH
|9 74233
|
| 650 |
0 |
7 |
|a kresťanské spločenstvá mládeže
|2 SNKPH
|9 739039
|
| 650 |
0 |
7 |
|a slávnosti
|2 SNKPH
|9 30036
|
| 651 |
|
7 |
|a Slovensko
|2 SNKPH
|9 14231
|
| 651 |
|
7 |
|a Spojené štáty americké
|2 SNKPH
|9 18262
|
| 651 |
|
7 |
|a Chicago (Ill.)
|2 SNKPH
|9 104202
|
| 655 |
|
7 |
|a programy
|2 SNKPH
|9 70598
|
| 655 |
|
7 |
|a jubilejné publikácie
|2 SNKPH
|9 70339
|
| 710 |
2 |
|
|a Osada sv. Michala Archanjela (Chicago, Illinois)
|9 739040
|
| 999 |
|
|
|c 1163137
|d 1165067
|
| 952 |
|
|
|a SNK
|b SNK
|y PREZ
|7 0
|p 17A0465650
|o snkOSC 23038
|i snk2005/7211
|8 1
|0 0
|1 0
|4 0
|d 2005-04-28
|l 0
|r 2026-02-24 20:39:41
|w 2026-02-24
|